| 000 | 00514nam a2200181Ia 4500 | ||
|---|---|---|---|
| 999 |
_c16397 _d16397 |
||
| 003 | OSt | ||
| 005 | 20200606115916.0 | ||
| 008 | 190216s9999||||xx |||||||||||||| ||und|| | ||
| 020 | _a8190153609 | ||
| 040 | _cMESKC library | ||
| 082 |
_a954 _bSUD/Y |
||
| 100 |
_aBhatia, Sudarshan _9295 |
||
| 245 | 0 |
_aYugavtar Ramkrishan Paramhans / _cSudarshan Bhatia |
|
| 260 |
_bPragathi Prakashan, _aDelhi: _c2006. |
||
| 300 | _a208p | ||
| 650 | _aHindi | ||
| 942 |
_cBK _2ddc _h954 _iSUD/Y _k954 _mSUD/Y |
||